000 00579nam a22001937a 4500
999 _c11671
_d11671
008 201021b 1975 ||||| |||| 00| 0 eng d
020 _a0900886129
082 _a368.22
_bBRO
100 _aBrown, Robert H.
245 _aMarine insurance volume 2 : cargo practice
250 _a2nd
260 _aLondon
_bWitherby & Co. Ltd
_c1975
300 _aviii,296p.: ill.
504 _a"Includes Appendix and index".
650 _aFacultative Insurance - Placing the risk
650 _aOpen cover insurance
650 _aWar risk insurance and strikes etc. Risks
942 _cBK